书目信息 |
| 题名: |
风鸟皮诺查
|
|
| 作者: | 刘克襄, 著 | |
| 分册: | ||
| 出版信息: | 北京 中国社会科学出版社 2004.01 |
|
| 页数: | 200页 | |
| 开本: | 21cm | |
| 丛书名: | ||
| 单 册: | ||
| 中图分类: | B821 | |
| 科图分类: | ||
| 主题词: | 长篇小说--chang pian xiao shuo--中国--当代 , 人生观 | |
| 电子资源: | ||
| ISBN: | 7-5004-4122-3 | |
| 000 | 01151nam0 2200265 450 | |
| 001 | CAL 012004027690 | |
| 005 | 20050616093843.12 | |
| 010 | @a7-5004-4122-3@dCNY 19.80 | |
| 099 | @aCAL 012004027690 | |
| 100 | @a20040325d2004 ekmy0chiy0121 ea | |
| 101 | 0 | @achi |
| 102 | @aCN@b110000 | |
| 105 | @aa z 000ay | |
| 200 | 1 | @a风鸟皮诺查@Afeng niao pi nuo cha@f刘克襄著 |
| 210 | @a北京@c中国社会科学出版社@d2004.01 | |
| 215 | @a200页@c图@d21cm | |
| 330 | @a刘克襄以前写的许多“鸟诗”和“鸟散文”,大多是观鸟所得,记录鸟类的生活生态。《风鸟皮诺查》是他的第一本鸟小说,记录的不再只是生活生态,而是拓而深入鸟类的“心态”,探讨它们的生存哲学。候鸟为了生存,是永恒的迁徒者,勇于长途跋涉和冒险。留鸟安于现状,生活悠闲,对候鸟的迁徒抱持不解与不屑。留鸟很少突破现状去尝试候鸟的迁徒生涯,候鸟为了理解留鸟的生存,却厚与它们共同生活,试探、交配、繁殖。一旦试验成功,它们也很可能放弃迁徒,久居南方。 | |
| 606 | 0 | @a长篇小说@Achang pian xiao shuo@y中国@z当代 |
| 606 | 0 | @a人生观 |
| 690 | @aB821@v4 | |
| 701 | 0 | @a刘克襄,@Aliu ke xiang@f1957-@4著 |
| 801 | 0 | @aCN@bNUL@c20050616 |
| 905 | @a10447@dB821@eL640 | |
| 906 | @dCNY19.80@n0@r1 | |
| 998 | @aNUL | |
| 风鸟皮诺查/刘克襄著.-北京:中国社会科学出版社,2004.01 |
| 200页:图;21cm |
| ISBN 7-5004-4122-3:CNY 19.80 |
| 刘克襄以前写的许多“鸟诗”和“鸟散文”,大多是观鸟所得,记录鸟类的生活生态。《风鸟皮诺查》是他的第一本鸟小说,记录的不再只是生活生态,而是拓而深入鸟类的“心态”,探讨它们的生存哲学。候鸟为了生存,是永恒的迁徒者,勇于长途跋涉和冒险。留鸟安于现状,生活悠闲,对候鸟的迁徒抱持不解与不屑。留鸟很少突破现状去尝试候鸟的迁徒生涯,候鸟为了理解留鸟的生存,却厚与它们共同生活,试探、交配、繁殖。一旦试验成功,它们也很可能放弃迁徒,久居南方。 |
| ● |
| 相关链接 |
|
|
|
正题名:风鸟皮诺查
索取号:B821/L640
 
预约/预借
| 序号 | 登录号 | 条形码 | 馆藏地/架位号 | 状态 | 备注 |
| 1 | 536051 | 205360517 | 社科库509/422社科库 45排2列4层/ [索取号:B821/L640] | 在馆 | |
| 2 | 536052 | 205360526 | 社科库509/509社科库 22排2列4层/ [索取号:B821/L640] | 在馆 | |
| 3 | 536053 | 205360535 | 社科库509/509社科库 22排2列4层/ [索取号:B821/L640] | 在馆 |